[Event "Biel GM"]
[Site "Biel"]
[Date "2006.07.31"]
[Round "7"]
[White "Morozevich, Alexander"]
[Black "Carlsen, Magnus"]
[Result "0-1"]
[WhiteElo "2731"]
[BlackElo "2675"]
[Annotator "Carlsen,Magnus"]
[PlyCount "100"]
[EventDate "2006.07.24"]
[EventType "tourn"]
[EventRounds "10"]
[EventCountry "SUI"]
[EventCategory "17"]
[SourceTitle "CBM 114"]
[Source "ChessBase"]
[SourceDate "2006.10.02"]
[SourceVersion "1"]
[SourceVersionDate "2006.10.02"]
[SourceQuality "1"]

1. e4 c5 2. Nf3 Nc6 3. Bb5 Nf6 4. Bxc6 dxc6 5. d3 Nd7 {Neither this nor my third move are the most common, but I had taken a look at them and I must say that on the whole I like Black's position. Weder dieser noch mein dritter Zug sind die geläufigsten, aber ich habe sie mir ein wenig angeschaut, und ich muss sagen, dass generell mir Schwarz gefällt.} 6. Bf4 $5 {This seems like a novelty, but it is also a logical one, preventing e5. Additionally, I guess it serves Moros style well Dies sieht aus wie eine Neuerung, aber es ist auch eine sehr logische; e5 wird verhindert. Außerdem schätze ich, es passt sehr gut zu Moros Stil.} g6 (6... e5 $2 7. Nxe5 Qf6 8. Nxd7 Qxb2 $2 (8... Bxd7 9. Qc1 $16) 9. Be5 $1 $18) 7. Qc1 {The logical follow-up. Die logische Folge.} Bg7 $6 {I decided to play a bit unusually as well for a change, but it will give me some problems. It was more in the spirit of the position to play Ich beschloss, zur Abwechslung auch einmal ein wenig ungewöhnlich zu spielen, aber dies wird mir ein paar Probleme bereiten. Mehr im Geist der Stellung war} (7... h6 {with good chances of obtaining a type of position like in the variation 3...g6 4.xc6 dxc6 and a normal game. mit guten Chancen, einen Stellungstyp wie in der Variante 3...g6 4.xc6 dxc6 zu erreichen, und einer normalen Partie.}) 8. Bh6 Qa5+ $1 9. c3 Ne5 {The point of my play. However, I had evaluated the arising type of position mistakenly. Die Pointe meines Spiels. Allerdings hatte ich den entstehenden Stellungstyp falsch eingeschätzt.} 10. Nxe5 Bxe5 11. Nd2 Qa6 $146 {Slightly strange and eventually the queen will feel uncomfortable here, but I wanted to avoid Etwas seltsam, und am Ende wird sich die Dame hier unwohl fühlen, aber ich wollte} (11... Be6 12. Nb3 Qb5 (12... Qb6 13. Be3 Bxb3 14. axb3 $14) 13. c4 Qb6 14. Be3 {Probably without reason, as vermeiden. Vermutlich grundlos, denn} Rd8 {gives me certain play for a pawn, even if probably not enough. gibt mir gewisses Spiel für einen Bauern, wenngleich wahrscheinlich nicht genug.}) ({RR} 11... Be6 12. O-O f6 13. Be3 Rd8 14. Nc4 Bxc4 15. dxc4 O-O 16. Qc2 Rd7 17. a4 Rfd8 18. Rad1 a6 19. Rxd7 Rxd7 20. Rd1 Rxd1+ 21. Qxd1 Bd6 22. g3 Kg7 23. Kg2 b5 24. axb5 cxb5 25. Qd5 b4 26. cxb4 {Collutiis,D (2429)-Salvador,R (2472) St Eufemia d'Aspromonte 2010 ½-½}) ({RR} 11... Be6 12. Nf3 Bc7 13. Qc2 O-O-O 14. Bd2 c4 15. d4 f6 16. h3 Kb8 17. Ke2 Qh5 18. Rag1 g5 19. Be3 Qg6 20. h4 g4 21. Nd2 Qh5 22. Nf1 g3+ 23. f3 Rhf8 24. Qc1 f5 25. e5 c5 26. Nxg3 {Nothnagel,M (2363)-Dourerassou,J (2465) Karlsruhe 2019 0-1 (33)}) 12. Qc2 Be6 13. f4 (13. Nf3 Bc7 14. Ng5 O-O-O (14... Bd7 15. Qb3 $16) 15. Nxe6 fxe6 {is ok for Black due to the pressure on d3. ist okay für Schwarz wegen des Drucks auf d3.}) 13... Bc7 14. O-O f6 {I felt that I had to provide my bishop with a square on f7 after a possible f4-f5. Ich hatte das Gefühl, meinem Läufer ein Feld auf f7 verschaffen zu müssen nach einem möglichen f4-f5.} 15. c4 $1 O-O-O 16. a4 $1 {Here I finally realised what my oppenent was up to, but I still felt that the upcoming complications should be ok for me. Hier begriff ich endlich, was mein Gegner im Schilde führte, aber ich meinte noch immer, dass die bevorstehenden Komplikationen für mich okay sein sollten.} Rd7 {Actually, this seems like the best chance, as Sieht tatsächlich aus wie die beste Chance, denn} (16... Ba5 17. Nb3 Bb4 18. a5 {is fairly cheerless, with the queen totally out of play. ist ziemlich freudlos, da die Dame völlig außer Spiel bleibt.}) 17. a5 Rhd8 18. Ra3 Bxa5 $5 {A terribly risky move, not even the engines prefer this! However, I calculated the variations, and it seemed to me that Black would eventually be fine. Ein schrecklich riskanter Zug; nicht einmal Engines wollen dies spielen! Aber ich berechnete die Varianten, und mir schien, dass Schwarz am Ende ordentlich stehen würde.} 19. f5 {A good move, it is useful to include h6 in the game. Ein guter Zug; es ist nützlich, den h6 mitspielen zu lassen.} Bf7 20. fxg6 (20. Nb3 Rxd3 21. Nxc5 (21. Rxa5 {gives nothing: ergibt nichts:} Qxc4 22. Qxc4 Bxc4 23. Nxc5 Rd1 24. Rxd1 Rxd1+ 25. Kf2 b6 26. Ra4 Bb5 27. Rxa7 bxc5 28. Rxe7 gxf5 29. exf5 Rf1+ 30. Kg3 Rxf5 31. Rxh7 Rh5 $1 $11) 21... Bb6 (21... Qxc4 22. Qxc4 Bxc4 23. Nxd3 Bb6+ 24. Nf2 Bxf1 25. Kxf1 $16) (21... Qb6 22. Rxa5 (22. Rxd3 Rxd3 23. Qxd3 Qxc5+ $44) 22... R3d4 23. Qb3 (23. Rfa1 Rxc4 24. Qf2 Qxa5 $1)) 22. Rxa6 Bxc5+ 23. Kh1 bxa6 {with play similar to the game, although after mit Spiel ähnlich der Partie, wenngleich weiß nach} 24. b3 $1 {White probably has a slighlty better version, and he should maybe have gone for it. wahrscheinlich eine leicht bessere Version hat, und er hätte sich vielleicht dafür entscheiden sollen.}) 20... hxg6 21. e5 Be6 (21... Qb6 22. Rfa1 Bb4 23. Rxa7 {is not great for Black. Instead, the idea of e6 is very clear: Put the bishop on f5 and activity at any cost! ist nicht toll für Schwarz. Stattdessen ist die Idee von e6 glasklar: den Läufer nach f5 stellen und Aktivität um jeden Preis!}) 22. exf6 exf6 23. Nb3 (23. Rxf6 Bf5 $13) 23... Rxd3 24. Nxc5 Bb6 (24... Qb6 25. Rxa5 Qxa5 26. Nxe6 $18) (24... Qxc4 25. Qxc4 Bxc4 26. Nxd3 Bb6+ 27. Nf2 Bxf1 28. Kxf1 $18) 25. Rxa6 (25. Rxd3 Bxc5+ 26. Kh1 Bd4 $5 {I was actually more worried about xd3 than the game continuation, but I eventually found this continuation, and even if I still was not too sure about it, it seemed to me that I would survive. Ich war eigentlich mehr besorgt wegen xd3 als wegen der Partiefortsetzung, doch schließlich fand ich diese Fortsetzung, und selbst wenn ich mir bei der Sache nicht allzu sicher war, schien mir doch, dass ich überleben würde.} (26... Rxd3 {Is the obvious continuation Die offensichtliche Fortsetzung.} 27. Qxd3 Bxc4 28. Qh3+ f5 29. Re1 $13 {But my king did not feel too safe here... Allerdings fühlte sich mein König hier nicht allzu sicher an...}) 27. Rxd4 (27. b3 Bf5 $15) 27... Rxd4 28. Qxg6 Qxc4 29. Qxf6 Rd8 $13) 25... Bxc5+ 26. Kh1 bxa6 {During the game I was totally convinced that I was fine here, with my active pieces, however, White probably has a forced continuation leading to a better game for him even if Black has counterchances. Während der Partie war ich völlig überzeugt, hier ordentlich zu stehen, bei meinen aktiven Figuren; doch Weiß hat wahrscheinlich eine forcierte Fortsetzung, die zu besserem Spiel für ihn führt, wenngleich Schwarz Gegenchancen hat.} 27. Bg7 $4 {Too careless, and meeting a surprising refutation. Zu sorglos, und findet eine überraschende Widerlegung.} (27. b4 $1 Bb6 (27... Bxb4 28. Qa4) 28. Qe2 {I did not see this move, which turns out to be quite strong, and the only which poses Black any problems. Diesen Zug hatte ich nicht gesehen, welcher sich als recht stark erweist und der einzige ist, der Schwarz vor Probleme stellen kann.} Bf7 (28... Bf5 29. g4 $1) (28... Bxc4 $2 29. Qg4+) 29. Qe4 (29. Bg7 f5 30. c5 Bc7 31. Bf6 R8d7 $13) 29... Kb7 30. b5 axb5 31. cxb5 Bd5 32. Qe7+ (32. bxc6+ Bxc6 33. Qxg6 Rd1 $132) 32... Ka8 33. bxc6 Bxc6 34. Qxf6) 27... Bg4 $1 {Surprisingly enough, after this there is no way to defend against d1. Überraschenderweise gibt es hiernach keine Verteidigung gegen d1.} 28. b4 (28. h3 Rd1 29. Rxd1 Rxd1+ 30. Kh2 Bd6+ 31. g3 Bf3 $1 $19) (28. Qa4 Rd1 $5 29. Qxc6+ Kb8 30. Qxf6 Rxf1+ 31. Qxf1 Rd1 $19) 28... Be3 (28... Bxb4 29. Qa4 Rd1 30. Qxc6+ Kb8 31. Rg1 {is amazingly enough not so clear. ist verblüffenderweise nicht so klar.}) (28... Rd1 29. Rxd1 Rxd1+ 30. Qxd1 Bxd1 31. bxc5 f5 {is probably won too, but more complicated. ist wahrscheinlich auch gewonnen, aber komplizierter.}) 29. h3 Rd1 30. Rxd1 Rxd1+ 31. Kh2 Bf4+ 32. g3 Rd2+ {I had somehow overlooked that I could not play Ich hatte irgendwie übersehen, dass ich nicht} (32... Bf3 $4 {spielen konnte wegen} 33. gxf4 {and the king gets the g3 square! But the game continuation wins easily enough. und der König erhält das Feld g3! Aber die Partiefortsetzung gewinnt leicht genug.}) 33. Qxd2 Bxd2 34. hxg4 Bxb4 $6 {Here I played too fast, right after I had made this move, I saw that I could have won much easier: Hier spielte ich zu schnell; sofort nach Ausführung dieses Zuges sah ich, dass ich viel leichter hätte gewinnen können:} (34... c5 35. bxc5 Bg5 36. Bf8 a5 37. c6 Bc1 {and White will have to give up the bishop for the a-pawn. und Weiß wird den Läufer für den a-Bauern geben müssen.}) 35. Bxf6 a5 36. Kg2 Kd7 37. Kf3 Bd6 $1 38. Ke4 Bxg3 39. Kd3 Ke6 40. Bd4 a6 41. Kc2 a4 42. Kb1 Be5 43. Bf2 Kd6 44. Ka2 Bc3 45. Ka3 Ke5 46. Kxa4 Kf4 47. Bb6 Kxg4 48. Ba5 Bxa5 49. Kxa5 Kf4 50. Kb6 a5 0-1

[Event "Biel GM"]
[Site "Biel"]
[Date "2006.08.02"]
[Round "9"]
[White "Volokitin, Andrei"]
[Black "Carlsen, Magnus"]
[Result "1-0"]
[WhiteElo "2662"]
[BlackElo "2675"]
[Annotator "Kritz,Leonid"]
[PlyCount "77"]
[EventDate "2006.07.24"]
[EventType "tourn"]
[EventRounds "10"]
[EventCountry "SUI"]
[EventCategory "17"]
[SourceTitle "CBM 114"]
[Source "ChessBase"]
[SourceDate "2006.10.02"]
[SourceVersion "1"]
[SourceVersionDate "2006.10.02"]
[SourceQuality "1"]

1. e4 c5 2. Nf3 d6 3. d4 cxd4 4. Nxd4 Nf6 5. Nc3 Nc6 6. Bg5 g6 $5 {A rare but interesting move! Black avoids the Rauser and transposes to a hybrid of the Dragon. Of course the only problem is the capture on f6. Ein seltener, aber interessanter Zug! Schwarz vermeidet Rauser und geht in einen Hybrid mit der Drachen-Variante über. Das einzige Problem ist natürlich das Nehmen auf f6.} 7. Bxf6 $1 {Der einzige Zug, der es erlaubt, um Eröffnungsvorteil zu kämpfen.} (7. Be2 $6 {lets Black achieve complete counterplay. erlaubt Schwarz ein vollkommenes Gegenspiel zu bekommen:} Bg7 8. Nb3 a6 9. O-O b5 10. a3 Bb7 $132) (7. Bb5 Bd7 8. Bxf6 exf6 {leads to lines which can also occur after 7.xf6. führt zu Varianten, die auch nach 7.xf6 entstehen können.}) 7... exf6 8. Bc4 $1 {This move has the incredible statistic of 100%! It also looks very logical - White takes control of the d5-square. Other moves to consider are: Dieser Zug hat eine unglaubliche Statistik von 100%! Er sieht auch sehr logisch aus - Weiß übernimmt die Kontrolle über das Feld d5. Andere Züge, die in Betracht kommen, sind:} (8. Bb5 Bd7 9. O-O Bg7 10. Nde2 Be6 11. Qd2 O-O 12. Rad1 f5 $132 {The black-squared bishop is good compensation for the weka pawn on d6. Der schwarzfeldrige Läufer ist eine gute Kompensation für den schwachen Bauern d6.}) (8. Qd2 Bg7 9. O-O-O O-O 10. Ndb5 f5 $1 $132 {The same is true here: the g7-bishop compensates for the loss of the d6-pawn. Das Gleiche gilt auch hier - der Läufer g7 kompensiert den Verlust des d6-Bauern.}) 8... Bg7 9. Ndb5 O-O 10. Qxd6 (10. O-O $5 f5 {Black's plan remains the same - the f6-pawn advances and the g7-bishop enters the the fray forcibly. Der schwarze Plan ist immer wieder derselbe - der f6 Bauer rückt nach vorne und der Läufer g7 kommt mit aller Kraft ins Spiel.} 11. exf5 Ne5 12. Bb3 Bxf5 13. Nxd6 (13. Qxd6 a6 14. Qxd8 Raxd8 15. Nc7 Nc6 $44) 13... Bg4 14. f3 Qb6+ 15. Kh1 Rad8 16. fxg4 Rxd6 $44) 10... f5 {The most principled continuation. Die prinzipiellste Fortsetzung.} (10... a6 {leads to a position with a pawn down and no real compensation. führt zur Stellung mit einem Minusbauern und ohne wesentliche Kompensation.} 11. Qxd8 Rxd8 12. Nc7 Ra7 (12... Rb8 13. Bd3 f5 14. O-O-O Bxc3 15. bxc3 fxe4 16. Bxe4 Bd7 17. Rd6 $16) 13. N7d5 b5 14. Bd3 $14) 11. O-O-O Qa5 (11... Qg5+ 12. f4 Qxg2 (12... Qh6 13. Qd2 fxe4 14. Nxe4 Bg4 15. Rde1 Rad8 16. Nbd6 $16) 13. e5 Bh6 14. Rhf1 Qxh2 15. Kb1 $16 {Black simply has no more good moves. Schwarz hat einfach keine guten Züge mehr.}) (11... Qxd6 12. Nxd6 Bxc3 13. bxc3 fxe4 14. Nxe4 $16 {Es gibt kein gutes Feld für den Läufer c8.}) 12. Qc7 $1 {A very strong move which apparently brings this line to an end. White must of course exchange queens to save his king - if this happens without any material losses, then Black does not have enough for the sacrificed pawn. Sehr starker Zug, der anscheinend diese Variante schließt. Weiß muss natürlich die Damen tauschen, um seinen König abzusichern - wenn dies ohne materiellen Verluste gelingt, dann hat Schwarz nicht genug für den geopferten Bauern.} fxe4 (12... Bxc3 {This would be the best attempt to refutre the move 12.c7, but it too fails: Das wäre wohl der beste Versuch, den Zug 12.c7 zu widerlegen, aber auch er scheitert:} 13. bxc3 Qa4 (13... fxe4 14. Qxa5 Nxa5 15. Bd5 Bg4 (15... Bf5 16. Nd6 $16) 16. Rd4 Be6 17. Bxe4 Bxa2 18. Ra4 $18) 14. Nd6 Be6 (14... Qa3+ 15. Kb1 Be6 16. Bb3 $16 {The white knight on d6 is decisively disrupting the cooperation of the black pieces. der weiße Springer d6 stört entscheidend das Zusammenspiel der schwarzen Figuren.}) 15. Bb3 (15. Bxe6 $5 fxe6 16. exf5 exf5 17. Kb1 Rad8 18. h4 $1 $36) 15... Bxb3 16. axb3 Qa1+ 17. Kd2 Qa3 18. b4 $3 Qa2 (18... Rad8 19. Ra1 $18) 19. Qxb7 Ne5 20. Qd5 $1 Qxd5+ 21. exd5 Rfd8 22. Nb7 Rxd5+ 23. Ke2 $18) 13. Qxa5 Nxa5 14. Bd5 Bg4 15. Rde1 $14 {Now the position has been simplified. White wins back the e4-pawn and with no queens on the board Black may still have compensation in the shape of the bishop pair, but no more than enough for a draw. In my opinion White's position is preferable. Nun hat sich die Stellung vereinfacht. Den Bauern e4 gewinnt Weiß zurück und ohne Damen hat Schwarz zwar immer noch Kompensation aufgrund des Läuferpaars, die kann aber höchstens zum Ausgleich reichen. Aus meiner Sicht ist die weiße Stellung vorzuziehen.} Rad8 $146 ({RR} 15... e3 16. fxe3 a6 17. Nd4 Rad8 18. Rhf1 b5 19. a3 Bc8 20. b4 Bb7 21. Bxb7 Nxb7 22. a4 bxa4 23. Nxa4 Rfe8 24. c3 Nd6 25. Kc2 Nc4 26. Rf3 a5 27. bxa5 Nxa5 28. Nb2 Rb8 29. Re2 Rec8 30. Kd3 {Tarlev,K (2544)-Darban Vaighani,M (2321) Mersin 2017 ½-½ (38)}) ({RR} 15... a6 16. Nd6 e3 17. f3 Be6 18. Bxe6 fxe6 19. Nde4 Rad8 20. h4 Rf5 21. Rd1 Rdf8 22. Rd7 b5 23. Ne2 Re5 24. c3 Bh6 25. b3 Nc6 26. Rc7 Nb8 27. Kc2 Rd5 28. Rd1 Rf7 29. Rc8+ {1-0 (29) Kosintseva,N (2554)-Nechaeva,M (2226) Rijeka 2010}) 16. Rxe4 Bf5 17. Ra4 b6 18. Rd1 a6 19. Nd4 Bd7 20. Rb4 b5 21. Nf3 Nc6 22. Re4 b4 23. Bxc6 Bxc6 24. Rxb4 Bh6+ 25. Kb1 Rxd1+ 26. Nxd1 Bxf3 27. gxf3 Rd8 28. Nc3 Rd2 29. a4 Rxf2 30. Rb6 a5 31. Nd5 Rxh2 32. Rb5 Bd2 33. c4 h5 34. c5 Rh1+ 35. Kc2 Bh6 36. f4 Bf8 37. Rb8 Rh2+ 38. Kd3 Rh3+ 39. Kc4 1-0

[Event "Biel GM"]
[Site "Biel"]
[Date "2006.08.03"]
[Round "10"]
[White "Carlsen, Magnus"]
[Black "Bruzon Batista, Lazaro"]
[Result "1-0"]
[WhiteElo "2675"]
[BlackElo "2667"]
[PlyCount "97"]
[EventDate "2006.07.24"]
[EventType "tourn"]
[EventRounds "10"]
[EventCountry "SUI"]
[EventCategory "17"]
[SourceTitle "CBM 114"]
[Source "ChessBase"]
[SourceDate "2006.10.02"]
[SourceVersion "1"]
[SourceVersionDate "2006.10.02"]
[SourceQuality "1"]

1. e4 e5 2. Nf3 Nc6 3. Bb5 a6 4. Ba4 Nf6 5. O-O Be7 6. d3 d6 7. c3 O-O 8. Nbd2 b5 9. Bc2 Bb7 10. Re1 Re8 11. Nf1 Bf8 12. Bg5 h6 13. Bh4 Nb8 14. Ne3 Nbd7 15. a4 $146 ({RR} 15. Nf5 g6 16. Ne3 Nc5 17. Bb3 Ncd7 18. Bc2 c5 19. Bb3 Qc7 20. Nd2 Bg7 21. Qf3 Rf8 22. h3 Rae8 23. Ng4 Nh5 24. Qe3 g5 25. Bg3 Nf4 26. h4 Nf6 27. Nxf6+ Bxf6 28. Nf3 Qe7 29. hxg5 hxg5 {Jibuti,N (1634)-Mican,K (1726) Batumi 2014 ½-½ (49)}) 15... g6 16. b4 Bg7 17. Bb3 c6 18. g4 Qc8 19. g5 Nh7 20. gxh6 Bxh6 21. Kh1 Ndf6 22. Rg1 Kf8 23. Ng5 Nxg5 24. Bxg5 Bxg5 25. Rxg5 Qh3 26. Rg3 Qh5 27. Qf1 Ke7 28. f4 Rh8 29. Ra2 Rh7 30. f5 g5 31. Qg2 c5 32. axb5 axb5 33. Rxa8 Bxa8 34. Qa2 c4 35. Bd1 Qh4 36. Qa7+ Kf8 37. Qxa8+ Kg7 38. Nf1 cxd3 39. Bf3 d2 40. Kg1 Nxe4 41. Qd5 Nxg3 42. f6+ Kxf6 43. Qxd6+ Kg7 44. Qxe5+ f6 45. Qe7+ Kg6 46. Qe8+ Kg7 47. hxg3 Qc4 48. Qe7+ Kg8 49. Qd8+ 1-0

[Event "Amsterdam NH Hotels 1st"]
[Site "Amsterdam"]
[Date "2006.08.19"]
[Round "1"]
[White "Carlsen, Magnus"]
[Black "Ljubojevic, Ljubomir"]
[Result "1/2-1/2"]
[WhiteElo "2675"]
[BlackElo "2551"]
[PlyCount "70"]
[EventDate "2006.08.19"]
[EventType "schev"]
[EventRounds "10"]
[EventCountry "NED"]
[SourceTitle "CBM 114"]
[Source "ChessBase"]
[SourceDate "2006.10.02"]
[SourceVersion "1"]
[SourceVersionDate "2006.10.02"]
[SourceQuality "1"]

1. e4 e6 2. d4 d5 3. Nc3 Nf6 4. e5 Nfd7 5. f4 c5 6. Nf3 Nc6 7. Be3 a6 8. Qd2 b5 9. a3 g5 10. fxg5 cxd4 11. Bxd4 ({RR} 11. Nxd4 Ncxe5 12. Bd3 Bb7 13. O-O Bg7 14. Nce2 Ng4 15. Kh1 Nxe3 16. Qxe3 Qe7 17. Ng3 Be5 18. c3 Rg8 19. h4 h6 20. Ngf5 exf5 21. Nxf5 Qc5 22. Qxc5 Nxc5 23. Nxh6 Rh8 24. Bc2 f6 25. Rae1 Rxh6 {Carlsen,M (2802)-Nakamura,H (2741) Moscow 2010 0-1 (34)}) ({RR} 11. Nxd4 Ndxe5 12. Be2 Bg7 13. O-O O-O 14. Rae1 Bb7 15. b3 Rc8 16. Bh5 Ng6 17. Nce2 Qd6 18. Nxc6 Bxc6 19. b4 Rfe8 20. Bc5 Qd7 21. Ng3 Ba8 22. c3 Qb7 23. Bd4 e5 24. Nf5 exd4 25. Rxe8+ Rxe8 {Solovjov,A (2237)-Misailovic,N (2373) chess.com INT 2024 0-1 (42)}) 11... Bg7 12. O-O-O Bb7 $146 ({RR} 12... Ndxe5 13. Nxe5 Nxd4 14. Qxd4 Qxg5+ 15. Kb1 Bxe5 16. Qc5 Bd7 17. Nxd5 exd5 18. Rxd5 f6 19. Bxb5 axb5 20. Rxd7 Kxd7 21. Qxb5+ Ke6 22. Qb3+ Ke7 23. Qb7+ Kf8 24. Qxa8+ Kg7 25. Qb7+ Kh6 26. Qf3 Rg8 27. b4 {Scheider,J (2199)-Hobusch,A (2103) Dortmund 2009 0-1 (41)}) ({RR} 12... Ndxe5 13. Bxe5 Nxe5 14. Nxe5 Bxe5 15. Re1 Bxc3 16. Qxc3 Qxg5+ 17. Kb1 O-O 18. Re3 d4 19. Qxd4 Rd8 20. Rg3 Rxd4 21. Rxg5+ Kf8 22. Bd3 Bb7 23. Bxh7 f5 24. Bg8 Re8 25. Re1 Be4 26. Rg6 Rd2 27. Bxe6 {Sakir,R (2129)-Scott,L (1732) Montevideo 2017 1-0 (46)}) 13. Re1 Rc8 14. Ne2 Qc7 15. Kb1 Ndxe5 16. Nxe5 Nxd4 17. Nxd4 Bxe5 18. c3 Kd7 19. g3 Rce8 20. Bh3 Kc8 21. Rhf1 Bd6 22. Rf6 Kb8 23. Ref1 Rhf8 24. Rh6 Rh8 25. Bg4 e5 26. Nc2 d4 27. cxd4 exd4 28. Bf5 Bf8 29. Rxh7 Rxh7 30. Bxh7 Bg7 31. Bd3 Re7 32. Qf2 Qd6 33. Re1 Be5 34. Re2 Ka7 35. Qe1 Bf3 1/2-1/2

[Event "Amsterdam NH Hotels 1st"]
[Site "Amsterdam"]
[Date "2006.08.20"]
[Round "2"]
[White "Nunn, John DM"]
[Black "Carlsen, Magnus"]
[Result "0-1"]
[WhiteElo "2617"]
[BlackElo "2675"]
[PlyCount "156"]
[EventDate "2006.08.19"]
[EventType "schev"]
[EventRounds "10"]
[EventCountry "NED"]
[SourceTitle "CBM 114"]
[Source "ChessBase"]
[SourceDate "2006.10.02"]
[SourceVersion "1"]
[SourceVersionDate "2006.10.02"]
[SourceQuality "1"]

1. e4 c5 2. Nf3 Nc6 3. Bb5 e6 4. O-O Nge7 5. c3 a6 6. Ba4 b5 7. Bc2 d5 8. e5 d4 9. Be4 d3 10. c4 b4 11. Qb3 Bb7 12. Qxd3 Qxd3 13. Bxd3 O-O-O 14. Be4 Nd4 15. Bxb7+ Kxb7 16. Nxd4 Rxd4 17. d3 $146 ({RR} 17. b3 Nc6 18. Bb2 Rd7 19. Rd1 Be7 20. d3 a5 21. Nd2 a4 22. Nf3 Rhd8 23. Kf1 axb3 24. Ke2 bxa2 25. Rxa2 Kb6 26. Ra4 Ra7 27. Rxa7 Kxa7 28. Ra1+ Kb6 29. Nd2 Bg5 30. Nf3 Bh6 31. g3 g6 {Crut,A (2350)-Coursaget,N (2333) Agneaux 2007 ½-½ (43)}) 17... Rxd3 18. Nd2 Nc6 19. f4 Be7 20. b3 a5 21. Ne4 a4 22. Nf2 Rc3 23. Ne4 Rc2 24. Be3 Kb6 25. Rf2 Rxf2 26. Kxf2 Ra8 27. Rd1 axb3 28. axb3 Ra3 29. Rd3 f6 30. exf6 gxf6 31. g4 f5 32. gxf5 exf5 33. Ng3 Bh4 34. Rd5 Rxb3 35. Rxc5 Rc3 36. Rxf5+ Ka6 37. Ke2 Rxc4 38. Rc5 Nd4+ 39. Bxd4 Rxd4 40. Ke3 b3 41. Rc1 Rb4 42. Ne4 b2 43. Rb1 Kb5 44. f5 Kc4 45. f6 Kb3 46. f7 Be7 47. Kd3 Rb8 48. Nd2+ Ka2 49. Re1 Rd8+ 50. Kc4 Ba3 51. Re2 Rd7 52. Rf2 Bf8 53. Kc3 Bg7+ 54. Kc4 Rc7+ 55. Kd3 Rd7+ 56. Ke4 Rd4+ 57. Kf5 Rd6 58. f8=Q Bxf8 59. Nc4 Kb3 60. Rxb2+ Kxc4 61. Rb8 Rd5+ 62. Ke4 Bd6 63. Rc8+ Bc5 64. Rc7 Rh5 65. Kf3 Rxh2 66. Kg3 Rh6 67. Kg2 Kd5 68. Rc8 Bd6 69. Ra8 Ke4 70. Ra1 Rh2+ 71. Kg1 Rd2 72. Rb1 Bf4 73. Kh1 Kf3 74. Rf1+ Kg4 75. Re1 Kh3 76. Kg1 Bg3 77. Rf1 Rg2+ 78. Kh1 Bf2 0-1